000 00692cam a2200253 4500
002 ##4999
008 090401t1987 xxu||||| |||| 00| 0 eng d
020 _a0854063528
035 _a(Sirsi) u44982
041 0 _aeng
050 0 4 _a690.18 $2 18
090 _aRICS 1987/55ABCD
100 1 _aWoolman, R.
245 0 0 _aSealants in modern buildings
260 _aLondon
_bSurveyors Publications
_c1987
300 _a20p.
_c30cm.
350 _a2.75
490 0 _aRICS Building Surveyors Technical Paper
651 4 _aUnited Kingdom
_y
690 _aBUILT ENVIRONMENT-BUILDING MATERIALS
710 2 _aRoyal Institution of Chartered Surveyors
_94900
942 _n0
948 _c04/03/1997
999 _c91627
_d91627